Transistor circuit handbook / (Record no. 182392)
[ view plain ]
| 000 -LEADER | |
|---|---|
| fixed length control field | 00579 a2200169 4500 |
| 003 - CONTROL NUMBER IDENTIFIER | |
| control field | Nust |
| 005 - DATE AND TIME OF LATEST TRANSACTION | |
| control field | 20221202141012.0 |
| 040 ## - CATALOGING SOURCE | |
| Transcribing agency | Nust |
| 082 ## - DEWEY DECIMAL CLASSIFICATION NUMBER | |
| Classification number | 621.381528,GAR |
| 100 ## - MAIN ENTRY--PERSONAL NAME | |
| Personal name | Louis E. Garner |
| 9 (RLIN) | 104022 |
| 245 ## - TITLE STATEMENT | |
| Title | Transistor circuit handbook / |
| Statement of responsibility, etc. | Louis E. Garner |
| 260 ## - PUBLICATION, DISTRIBUTION, ETC. | |
| Place of publication, distribution, etc. | Chicago |
| Name of publisher, distributor, etc. | Coyne school publications |
| Date of publication, distribution, etc. | 1963 |
| 300 ## - PHYSICAL DESCRIPTION | |
| Extent | 472p |
| 505 ## - FORMATTED CONTENTS NOTE | |
| Formatted contents note | The Transistor (Page-3), Semiconductor Physics (Page-15), Transistor Design, Construction And Characteristics (Page-99), Transistor Applications (Page-337). |
| 650 ## - SUBJECT ADDED ENTRY--TOPICAL TERM | |
| Topical term or geographic name entry element | Telecommunication Engineering |
| 942 ## - ADDED ENTRY ELEMENTS (KOHA) | |
| Source of classification or shelving scheme | |
| Koha item type | Book |
| Withdrawn status | Lost status | Source of classification or shelving scheme | Damaged status | Not for loan | Permanent Location | Current Location | Shelving location | Date acquired | Full call number | Barcode | Date last seen | Price effective from | Koha item type | Public note |
|---|---|---|---|---|---|---|---|---|---|---|---|---|---|---|
| Military College of Signals (MCS) | Military College of Signals (MCS) | General Stacks | 12/12/2016 | 621.381528,GAR | MCS7355 | 12/08/2016 | 12/12/2016 | Book | Almirah No.34, Shelf No.1 |
